बौद्ध कला (Record no. 1018444)
[ view plain ]
| 000 -LEADER | |
|---|---|
| fixed length control field | 01035nam a2200265Ia 4500 |
| 003 - CONTROL NUMBER IDENTIFIER | |
| control field | OSt |
| 005 - DATE AND TIME OF LATEST TRANSACTION | |
| control field | 20240827122507.0 |
| 008 - FIXED-LENGTH DATA ELEMENTS--GENERAL INFORMATION | |
| fixed length control field | 221004b |||||||| |||| 00| 0 hin d |
| 020 ## - INTERNATIONAL STANDARD BOOK NUMBER | |
| International Standard Book Number | 9789384984229 (hbk) |
| 037 ## - SOURCE OF ACQUISITION | |
| Terms of availability | Textual |
| 040 ## - CATALOGING SOURCE | |
| Original cataloging agency | CRL |
| Transcribing agency | CRL |
| Language of cataloging | hin |
| 041 ## - LANGUAGE CODE | |
| Source of code | hin |
| Language code of text/sound track or separate title | hin |
| 100 ## - MAIN ENTRY--PERSONAL NAME | |
| Personal name | मौर्य, संतोष, ले. |
| 245 #0 - TITLE STATEMENT | |
| Title | बौद्ध कला |
| Remainder of title | स्थापत्य एवं मूर्तिकला परम्परा |
| 246 ## - VARYING FORM OF TITLE | |
| Title proper/short title | Bauddha kalā: sthāpatya evan mūrtikalā paramparā |
| 260 ## - PUBLICATION, DISTRIBUTION, ETC. | |
| Place of publication, distribution, etc. | नई दिल्ली |
| Name of publisher, distributor, etc. | होमेज पब्लिकेशन भारत |
| Date of publication, distribution, etc. | 2018 |
| 300 ## - PHYSICAL DESCRIPTION | |
| Extent | 208पृ0 |
| Dimensions | cm. |
| 650 ## - SUBJECT ADDED ENTRY--TOPICAL TERM | |
| Topical term or geographic name entry element | ललित कला |
| 9 (RLIN) | 156314 |
| 942 ## - ADDED ENTRY ELEMENTS (KOHA) | |
| Classification part | NA44,C, 152Q8 |
| Koha item type | Textual |
| Withdrawn status | Lost status | Source of classification or shelving scheme | Damaged status | Not for loan | Home library | Current library | Date acquired | Source of acquisition | Total Checkouts | Full call number | Barcode | Date last seen | Date last checked out | Price effective from | Koha item type |
|---|---|---|---|---|---|---|---|---|---|---|---|---|---|---|---|
| Dewey Decimal Classification | Central Library | Arts Library | 2022-10-05 | 299, 29/01/2020, Eastern Book Linkers | 2 | NA44,C 152Q8 | CL1662255 | 2026-03-17 | 2026-02-06 | 2022-10-05 | Textual |
